00871pam a2200241 i 450000500170000000800410001702000260005802000220008404000290010604100080013504400080014308200160015124500900016726000520025730000490030950400530035865000260041165000250043765000270046270000340048970000310052385600750055420200104041548.0940706s1995 enka b 001 0 eng  a0521465559 (hardback) a0521469570 (pbk.) aDLCcDLCdDLCdCO-BoIAVH aeng axxu04a338.9bE19e04aThe economics of sustainable development /cedited by Ian Goldin and L. Alan Winters. aCambridge ;bCambridge University Press,c1995. axx, 314 páginas :bilustraciones ;c24 cm. aIncluye referencias bibliográficas e índice.14aDesarrollo sostenible24aPolítica ambiental24aPolítica económica1 aGoldin, Ian,d1955-,eeditor.1 aWinters, L. Alan,eeditor.413Tabla de contenidouhttp://www.loc.gov/catdir/toc/cam021/94027994.html